Manual de carpintería : las herramientas de mano : una guía paso a paso /

Contiene: Herramientas para medir y trazar; Herramientas para sostener; La familia de los serruchos; La familia de los cepillos; La familia de los taladros; La familia de los formones; La familia de las limas; La familia de los martillos; La familia de lo desarmadores; Ensambles; Sierra circular de...

Täydet tiedot

Tallennettuna:
Bibliografiset tiedot
Päätekijä: Lesur, Luis (coordinación)
Aineistotyyppi: Kirja
Kieli:espanja
Julkaistu: México : Trillas, 1998, c1991
Painos:2a edición
Sarja:(Cómo Hacer Bien y Fácilmente)
Aiheet:
Tagit: Lisää tagi
Ei tageja, Lisää ensimmäinen tagi!

MARC

LEADER 00000nam^a2200000^a^4500
001 000129724
005 20250521000000.0
009 20260310094923.805
020 |a 968-24-5645-2 
037 |a Acervo ITESO - Biblioteca 
041 |a ESP 
082 |a 745. 51  |b LES V. 1 
100 |a Lesur, Luis  |e (coordinación) 
240 1 1 |a [Manual de carpintería] 
245 1 0 |a Manual de carpintería :  |b las herramientas de mano : una guía paso a paso /  |c Coord. de L. Lesur. 
250 |a 2a edición 
264 4 |a México :  |b Trillas,  |c 1998, c1991 
300 |a 144 p. 
336 |a texto  |b txt  |2 rdacontenido 
337 |a sin mediación  |b n  |2 rdamedio 
338 |a volumen  |b nc  |2 rdasoporte 
440 1 |a (Cómo Hacer Bien y Fácilmente) 
520 |a Contiene: Herramientas para medir y trazar; Herramientas para sostener; La familia de los serruchos; La familia de los cepillos; La familia de los taladros; La familia de los formones; La familia de las limas; La familia de los martillos; La familia de lo desarmadores; Ensambles; Sierra circular de mano; Sierra caladora; Lijadoras; Taladro eléctrico; Rebajadora o router; Ensambladora; Madera. 
649 |a XX 
650 |a Carpintería y Ebanistería -  |x Equipo y Aparatos 
650 |a Artesanía 
650 |a Arte Popular 
650 |a Herramientas 
650 |a Máquinas Herramientas 
650 |a Ingeniería Mecánica 
910 |a Fondo General 
920 |a Impresos - Libros 
930 |a Colección General 
905 |a 101 
901 |a 0500060051  |b IT1  |c ACC  |u 20250521 
902 |a https://opac.biblio.iteso.mx/vufind/Record/000129724